000 00279nam a22001337a 4500
003 SGT
082 _a615.538
_bA14S
100 _aSHARMA, NITHIN
245 _aAGAD TANTRA
260 _aVARANASI
_bCHAUKHAMBHA PUB
_c2014
300 _a252
650 _aAYURVEDA
942 _2ddc
_cBK
_042
999 _c8582
_d8582